000 00306nam a22001337a 4500
008 171020b xxu||||| |||| 00| 0 eng d
020 _a9780131183209
041 _aeng
080 _a338
100 _a54
101 _aMEN
245 _aSLAM STREE LEVEL AIRWAY MANAGEMENT
_cRICH.J.M
942 _2udc
_cBK
999 _c35069
_d35069